Library Logo

Pioneer International University Library Catalogue

Relativity and cosmology (Record no. 835)

MARC details
000 -LEADER
fixed length control field 00589cam a22001691 4500
005 - DATE AND TIME OF LATEST TRANSACTION
control field 20250901165235.0
008 - FIXED-LENGTH DATA ELEMENTS--GENERAL INFORMATION
fixed length control field 710201s1968 paua b 000 0 eng
010 ## - LIBRARY OF CONGRESS CONTROL NUMBER
LC control number 68023690
050 00 - LIBRARY OF CONGRESS CALL NUMBER
Classification number QC6 .R54 1968
Item number .R54 1968
082 00 - DEWEY DECIMAL CLASSIFICATION NUMBER
Classification number 530.11
100 1# - MAIN ENTRY--PERSONAL NAME
Personal name Robertson, H. P.
Fuller form of name (Howard Percy),
Dates associated with a name 1903-1961.
245 10 - TITLE STATEMENT
Title Relativity and cosmology
Statement of responsibility, etc. [by] H. P. Robertson [and] Thomas W. Noonan.
260 ## - PUBLICATION, DISTRIBUTION, ETC.
Place of publication, distribution, etc. Philadelphia,
Name of publisher, distributor, etc. Saunders,
Date of publication, distribution, etc. 1968.
300 ## - PHYSICAL DESCRIPTION
Extent xxxiii, 456 p.
Other physical details illus.
Dimensions 25 cm.
500 ## - GENERAL NOTE
General note Based on Robertson's notes for his relativity course at Caltech from 1949 to 1961.
942 ## - ADDED ENTRY ELEMENTS (KOHA)
Source of classification or shelving scheme Dewey Decimal Classification
Holdings
Withdrawn status Lost status Source of classification or shelving scheme Damaged status Not for loan Home library Current library Shelving location Date acquired Total checkouts Full call number Barcode Date last seen Price effective from Koha item type
    Library of Congress Classification     Main Library Main Library   02/25/2021   QC6 .R54 1968 PIU0190375C 02/25/2021 02/25/2021 Books